Central Library || Chittagong University

Modern small industry for developing countries.// (Record no. 110080)

MARC details
000 -LEADER
fixed length control field 00503nam a22001697a 4500
003 - CONTROL NUMBER IDENTIFIER
control field BD-ChCU
005 - DATE AND TIME OF LATEST TRANSACTION
control field 20251203104811.0
008 - FIXED-LENGTH DATA ELEMENTS--GENERAL INFORMATION
fixed length control field 251203b bg ||||| |||| 00| 0 ben d
040 ## - CATALOGING SOURCE
Transcribing agency BD-ChCU
082 ## - DEWEY DECIMAL CLASSIFICATION NUMBER
Classification number 338.91 STM
100 ## - MAIN ENTRY--PERSONAL NAME
Personal name Stalev, Eugene and Morse, Richard.
9 (RLIN) 17385
245 ## - TITLE STATEMENT
Title Modern small industry for developing countries.//
Statement of responsibility, etc. Eugene Stalev and Richard Morse.
260 ## - PUBLICATION, DISTRIBUTION, ETC.
Place of publication, distribution, etc. New York
Name of publisher, distributor, etc. McGraw-Hill.
Date of publication, distribution, etc. 1965
300 ## - PHYSICAL DESCRIPTION
Extent x, 435p
650 #0 - SUBJECT ADDED ENTRY--TOPICAL TERM
Topical term or geographic name entry element Economic Policy
9 (RLIN) 17387
942 ## - ADDED ENTRY ELEMENTS (KOHA)
Source of classification or shelving scheme Dewey Decimal Classification
Koha item type Books
Suppress in OPAC No
Holdings
Withdrawn status Lost status Source of classification or shelving scheme Damaged status Not for loan Home library Current library Shelving location Date acquired Source of acquisition Total Checkouts Full call number Barcode Date last seen Copy number Price effective from Koha item type Public note
    Dewey Decimal Classification     Chittagong University Library Chittagong University Library Business and Social Science Reading Room 12/03/2025 Purchase   338.91 STM 27426 12/03/2025 C-1 12/03/2025 Books (McGraw-Hill Series in International Development.)
    Dewey Decimal Classification     Chittagong University Library Chittagong University Library Business and Social Science Reading Room 12/03/2025 Purchase   338.91 STM 27427 12/03/2025 C-2 12/03/2025 Books (McGraw-Hill Series in International Development.)
© Copyright 2025. Chittagong University Library, Installation and Maintenance by Prof. Dr. Md. Alamgir, 01711306253